000 00630cas a22001935a 4500
001 L139851
008 070815c1955 xxcmr p 0 a0eng u
035 _a(Sirsi) u139851
041 0 _aeng
110 2 _aCanadian Association of Real Estate Boards
_95317
245 0 4 _aThe Canadian Realtor
260 _aToronto
_bCanadian Association of Real Estate Boards
_c1955-
362 0 _a8(1) January 1962-17(1) Spring 1971
520 _aThe publication frequency changed to four issues per year at some time between March 1968 and February 1970.
554 _a12 per year
651 4 _aCanada
690 _aPROPERTY
942 _n0
999 _c119137
_d119137